000 00528nam a2200181Ia 4500
999 _c37473
_d37473
003 OSt
005 20200928145123.0
008 190216s9999||||xx |||||||||||||| ||und||
020 _a9788120417205
040 _coclc
082 _a592
_bKAP/T
100 _aKapoor, V C
_95089
245 0 _aTheory And Practice Of Animal Taxonomy /
_cV C Kapoor
260 _bOxford And Ibh Publishing Co. Pvt Ltd,
_c2008.
_aNew Delhi:
300 _a258p
650 _aZoology
942 _cBK
_2ddc
_h592
_iKAP/T
_k592
_mKAP/T